Complementing the local and global: Promoting sustainability action through linked local-level and formal sustainability funding mechanisms (Record no. 97702)

000 -LEADER
fixed length control field 00526pab a2200169 454500
008 - FIXED-LENGTH DATA ELEMENTS--GENERAL INFORMATION
fixed length control field 180718b2012 xxu||||| |||| 00| 0 eng d
100 ## - MAIN ENTRY--PERSONAL NAME
Personal name Merritt, Amy
245 ## - TITLE STATEMENT
Title Complementing the local and global: Promoting sustainability action through linked local-level and formal sustainability funding mechanisms
260 ## - PUBLICATION, DISTRIBUTION, ETC.
Date of publication, distribution, etc. 2012
300 ## - PHYSICAL DESCRIPTION
Extent p.278-291.
362 ## - DATES OF PUBLICATION AND/OR SEQUENTIAL DESIGNATION
Dates of publication and/or sequential designation Aug
650 ## - SUBJECT ADDED ENTRY--TOPICAL TERM
Topical term or geographic name entry element Sustainable development
700 ## - ADDED ENTRY--PERSONAL NAME
Personal name Stubbs, Tristan
773 ## - HOST ITEM ENTRY
Main entry heading Public Administration and Development
908 ## - PUT COMMAND PARAMETER (RLIN)
Put command parameter N
909 ## -
-- 97703
Holdings
Withdrawn status Lost status Damaged status Not for loan Permanent Location Current Location Date acquired Serial Enumeration / chronology Barcode Date last seen Price effective from Koha item type
        Indian Institute of Public Administration Indian Institute of Public Administration 2018-07-19 Volume no: 32, Issue no: 3 AR98163 2018-07-19 2018-07-19 Articles

Powered by Koha